| 000 | 00839nas a2200265 454500 | ||
|---|---|---|---|
| 001 | 40326 | ||
| 005 | 20260407193510.0 | ||
| 008 | 260407s2003####ag###########|||spa#d | ||
| 003 | AR-UNSa-BCEJYS | ||
| 040 |
_aAR-UNSa-BCEJYS _bspa _cAR-UNSa-BCEJYS |
||
| 080 |
_a339.5 _xComercio exterior. Comercio Internacional |
||
| 245 | 1 | 0 | _aPanorama Mercosur |
| 264 | 1 | _c2003 | |
| 310 | _aFrecuencia: Irregular | ||
| 041 | _aspa | ||
| 942 | _cSER | ||
| 590 | _aniveau_biblio:s niveau_hierar:1 | ||
| 100 | 1 | _aMeyer, Reinhold | |
| 700 | 1 | _aHeldt, Sven | |
| 700 | 1 | _aCamara de Industria y Comercio Argentino-Alemana (CADICAA) | |
| 700 | 1 | _aCámara de Comercio Uruguayo-Alemana | |
| 650 | _aMERCOSUR | ||
| 650 | _aCOMERCIO EXTERIOR | ||
| 856 | 4 | 1 |
_uhttps://biblioeco.unsa.edu.ar/pmb/images/revistas/panoramamercosur.jpg _yImagen de portada _qimage/jpeg |
| 999 |
_c8868 _d8868 |
||